Zahraniční obchod kopíruje: Rozhoduje struktura, nikoli objem

Rozhovor s ministrom priemyslu a obchodu ČR Vladimírom Dlouhým o obchodnej bilancii ČR za rok 1995. Vysvetlenie vysokého pasíva obchodnej bilancie. Príčiny vysokej disproporcie medzi dovozom a vývozom. Smerovanie zvýšených dovozov. Opatrenia, ktoré by mali ovplyvniť vývoj obchodnej bilancie v budúci...

Descripción completa

Guardado en:
Detalles Bibliográficos
Autor principal: Dlouhý, V.
Otros Autores: Nováková, M.
Formato: Capítulo de libro
Lenguaje:checo
Materias:
Etiquetas: Agregar Etiqueta
Sin Etiquetas, Sea el primero en etiquetar este registro!

MARC

LEADER 00000naa a2200000 4500
001 r020100
005 20230908093127.4
041 0 |a cze 
044 |a CZ 
245 1 0 |a Zahraniční obchod kopíruje: Rozhoduje struktura, nikoli objem  |c V. Dlouhý, M. Nováková 
520 |a Rozhovor s ministrom priemyslu a obchodu ČR Vladimírom Dlouhým o obchodnej bilancii ČR za rok 1995. Vysvetlenie vysokého pasíva obchodnej bilancie. Príčiny vysokej disproporcie medzi dovozom a vývozom. Smerovanie zvýšených dovozov. Opatrenia, ktoré by mali ovplyvniť vývoj obchodnej bilancie v budúcich rokoch. 
610 2 0 |a bilancia obchodná 
610 2 0 |a 1995 
610 2 0 |a Česko 
610 2 0 |a obchod zahraničný 
610 2 0 |a dovoz 
610 2 0 |a vývoz 
100 1 |a Dlouhý, V. 
700 1 |a Nováková, M.